000 00267nam a22001217a 4500
008 180315b xxu||||| |||| 00| 0 eng d
041 _aeng
080 _a336.101.262
100 _a52
101 _aBNJ
245 _aORGANIZATION BEHAVIORAL
_cDON.H
942 _2udc
_cBK
999 _c45166
_d45166